Catálogo Biblioteca Central

Vista normal Vista MARC
  • Pelayo Lavín, Marta

Entrada Nombre personal

Número de registros utilizados en: 1

001 - NÚMERO DE CONTROL

  • Campo de control: 115582

003 - IDENTIFICADOR DE NÚMERO DE CONTROL

  • Campo de control: ES-MaBCM

005 - FECHA Y HORA DE LA ULTIMA MODIFICACION

  • Campo de control: 20120705123856.0

008 - ELEMENTOS DE DATOS DE LONGITUD FIJA

  • Campo de longitud fija: 120705|||a|||||| | ||| d

040 ## - FUENTE DE LA CATALOGACIÓN

  • Agencia original de catalogación: ES-MaBCM
  • Agencia de transcripción: ES-MaBCM

100 ## - ENCABEZAMIENTO--NOMBRE DE PERSONA

  • Nombre personal: Pelayo Lavín, Marta

670 ## - FUENTE DE DATOS ENCONTRADOS

  • Fuente de citación: Work cat.: (ES-MaBCM): Pelayo Lavín, Marta, El derecho a la defensa en el juicio de faltas